Campur Tangan Inggeris Di Sarawak

Bibliographic Details
Main Author: Amer Haji Matsom , 1953- (Author)
Format: Book
Language:Malay
Published: Puchong, Selangor : Penerbitan Maju [2020?]
Series:Siri peristiwa bersejarah (Bahagian 2)
Subjects:

MARC

LEADER 00000cam a2200000 7i4500
001 0000141175
005 20210914.0
008 210914s2020 my xb may
020 |a 9789672155607 (set) 
020 |a 9789672155645 
040 |a PERPUSTAM   |b eng   |c PERPUSTAM   |e rda 
090 0 0 |a J 959.5   |b AME 
100 0 |a Amer Haji Matsom ,   |d 1953- ,   |e author 
245 1 0 |a Campur Tangan Inggeris Di Sarawak   |c Amer Haji Matsom 
264 1 |a Puchong, Selangor :   |b Penerbitan Maju   |c [2020?] 
300 |a 101 pages ;   |c 22 cm. 
336 |a text  |2 rdacontent 
337 |a unmediated  |2 rdamedia 
338 |a volume  |2 rdacarrier 
490 1 |a Siri Peristiwa Bersejarah   |v (Bahagian 2) 
650 1 0 |a Historical fiction, Malay 
651 0 |a Malaysia   |x History 
651 0 |a Sarawak (Malaysia)   |x History 
830 0 |a Siri peristiwa bersejarah   |v (Bahagian 2) 
999 |a 0000684295   |b Buku   |c Koleksi Pinjaman Kanak-Kanak   |e Perbadanan Perpustakaan Awam Melaka 
999 |a 0000684296   |b Buku   |c Koleksi Pinjaman Kanak-Kanak   |e Perpustakaan Cawangan Jasin 
999 |a 0000684297   |b Buku   |c Koleksi Pinjaman Kanak-Kanak   |e Perpustakaan Cawangan Masjid Tanah 
999 |a 0000684298   |b Buku   |c Koleksi Pinjaman Kanak-Kanak   |e Perpustakaan Cawangan Merlimau 
999 |a 0000684299   |b Buku   |c Koleksi Pinjaman Kanak-Kanak   |e Perbadanan Perpustakaan Awam Melaka 
999 |a 0000684300   |b Buku   |c Koleksi Pinjaman Kanak-Kanak   |e Perbadanan Perpustakaan Awam Melaka 
999 |a 0000684301   |b Buku   |c Koleksi Pinjaman Kanak-Kanak   |e Perpustakaan Komuniti UTC Melaka 
999 |a 0000684302   |b Buku   |c Koleksi Pinjaman Kanak-Kanak   |e Perpustakaan Desa Asahan 
999 |a 0000684303   |b Buku   |c Koleksi Pinjaman Kanak-Kanak   |e PK Aeon Jaya Jusco 
999 |a 0000684304   |b Buku   |c Koleksi Pinjaman Kanak-Kanak   |e Perbadanan Perpustakaan Awam Melaka 
999 |a 0000684305   |b Buku   |c Koleksi Pinjaman Kanak-Kanak   |e Perbadanan Perpustakaan Awam Melaka